Akta Warisan Kebangsaan 2005 (Akta 645) dan peraturan-peraturan & National Heritage Act 2005 (645) and regulations : hingga 5hb Ogos 2008

Bibliographic Details
Corporate Authors: Malaysia, Lembaga Penyelidikan Undang-undang
Format: Book
Language:English
Published: Petaling Jaya : International Law Book Services , 2008
Subjects:

MARC

LEADER 00000cam a2200000 7i4500
001 0000022250
005 20090211.0
008 090211 my # eng
020 |a 9789678919395 
040 |a INS 
090 0 0 |a KPG320.4.A31   |b AWK 2008 
110 1 |a Malaysia 
245 1 0 |a Akta Warisan Kebangsaan 2005 (Akta 645) dan peraturan-peraturan & National Heritage Act 2005 (645) and regulations :   |b hingga 5hb Ogos 2008 
260 |a Petaling Jaya :   |b International Law Book Services ,   |c 2008 
300 |a 216ms. ;   |c 25cm. 
650 0 0 |a Cultural property   |x Law and legislation   |z Malaysia 
650 0 0 |a Cultural property   |x Law and legislation   |z Malaysia   |x criminal provisions 
650 0 0 |a Cultural property   |x Protection   |x Law and legislation   |z Malaysia 
710 1 |a Lembaga Penyelidikan Undang-undang 
740 0 |a National Heritage Act 2005 (645) 
999 |a 0000020522   |b BOOK   |c Acts   |e Default branch